| 000 | 00389nam a2200157Ia 4500 | ||
|---|---|---|---|
| 008 | 230917s9999||||xx |||||||||||||| ||und|| | ||
| 020 | _cRS20 | ||
| 040 |
_e8852 _aMAIN |
||
| 041 | _aEnglish | ||
| 082 | _a327.51 M896C | ||
| 100 | _aMukherjee, Amitava | ||
| 245 | 0 | _aChinese policy towards Asia | |
| 260 |
_aNew Delhi _bSterling Publishers _c1975 |
||
| 300 | _avii, 99 p. | ||
| 942 | _cBK | ||
| 999 |
_c163857 _d163857 |
||